000 00571cam a22002054a 4500
005 20250605164309.0
008 250528s ||||||||||||||||||||||||d
035 _a22412
020 _a9789604021178
040 _aGR-AtMCL
_bgre
_dGR-AtMCL
_eAACR2
245 1 _aΘΕΩΡΗΤΙΚΕΣ ΠΡΟΣΕΓΓΙΣΕΙΣ ΓΙΑ ΤΗΝ ΑΝΑΛΥΣΗ ΤΩΝ ΜΜΕ
250 _a1
260 _bΤυπωθητω,
_c2004
300 _a115
700 1 _aCarrier Jean Pierre
_95532
700 1 _aΑσλανιδου Σοφια
942 _cBK
999 _c7465
_d7465